000 00726nam a2200193Ia 4500
003 GCL
008 140319s9999 xx 000 0 ara d
040 _aGCL /
_cGCL
082 0 4 _a0398.2534
_bو م
100 1 _aوزارة التراث القومى والثقافة
245 1 0 _aمن مصادر الفنون الشعبية العمانية /
_cوزارة التراث القومى والثقافة
260 _a[S.N] :
_bوزارة التراث القومى والثقافة ،
_c1991
300 _a167 ص
490 _aسلسلة الفنون الشعبية العمانية
_v0
650 0 4 _aالادب الشعبى
650 0 4 _aسلطنة عمان
650 0 4 _aالفلكلور العمانى
942 _2ddc
_cBK
999 _c36066
_d36066